000 00198nam a2200097Ia 4500
008 240331s9999 xx 000 0 und d
082 _bVEN
100 _aVenkatesh,R
245 0 _aNesamudan
942 _cL
999 _c4655
_d4655